• 首页
  • 本馆介绍
  • 公告通知
  • 最新文献
  • 馆藏检索
  • 电子资源
  • 读者荐购
  • 参考咨询
  • CALIS
  • 我的图书馆
  • 登录
  • 详细信息显示
  • 放入我的书架
  • 预约/预借图书
  • 作者相关作品
  • 分类相关作品
  • 丛书相关作品
  • 出版社相关作品

书目信息

  • 表格格式
  • 工作单格式
  • 卡片格式
题名:
测控系统故障检测与诊断
    
 
作者: 陈春俊 , 王雪梅 , 李艳萍 编著
分册:  
出版信息: 成都   西南交通大学出版社  2008.08
页数: 186页
开本: 26cm
丛书名:
单 册:
中图分类: TP274
科图分类:
主题词: 自动检测技术--zi dong jian ce ji shu--故障诊断--高等学校--教材 , 自动检测技术--zi dong jian ce ji shu--故障检测--高等学校--教材
电子资源:
ISBN: 978-7-5643-0045-6
 
 
 
 
 
000 01077nam0 2200277 450
001 012009242765
005 20090916184145.60
010    @a978-7-5643-0045-6@dCNY19.80
100    @a20090916d2008 em y0chiy0120 ea
101 0  @achi
102    @aCN@b510000
105    @aak a 000yy
106    @ar
200 1  @a测控系统故障检测与诊断@Ace kong xi tong gu zhang jian ce yu zhen duan@f陈春俊, 王雪梅, 李艳萍编著@Fchen chun jun,wang xue mei,li yan ping bian zhu
210    @a成都@c西南交通大学出版社@d2008.08
215    @a186页@c图@d26cm
320    @a有书目 (第183-186页)
330    @a本书系统地介绍了测控系统故障检测与诊断的基本理论及工程应用,内容包括:测控系统的可靠性分析,故障树分析与诊断方法等。
606 0  @a自动检测技术@Azi dong jian ce ji shu@x故障诊断@x高等学校@j教材
606 0  @a自动检测技术@Azi dong jian ce ji shu@x故障检测@x高等学校@j教材
690    @aTP274@v4
701  0 @a陈春俊@Achen chun jun@4编著
701  0 @a王雪梅@Awang xue mei@4编著
701  0 @a李艳萍@Ali yan ping@4编著
801  0 @aCN@bQSSK@c20090916
905    @b752354-56@dTP274@eC382@f3
    
    测控系统故障检测与诊断/陈春俊, 王雪梅, 李艳萍编著.-成都:西南交通大学出版社,2008.08
    186页:图;26cm
    
    
    ISBN 978-7-5643-0045-6:CNY19.80
    本书系统地介绍了测控系统故障检测与诊断的基本理论及工程应用,内容包括:测控系统的可靠性分析,故障树分析与诊断方法等。
●
相关链接 在E读中查询图书 在当当中查询图书 在豆瓣中查询图书


正题名:测控系统故障检测与诊断     索取号:TP274/C382         预约/预借

序号 登录号 条形码 馆藏地/架位号 状态 备注
1 752354   207523544   自科库301/301自科库 42排1列4层/ [索取号:TP274/C382] 在馆    
2 752355   207523553   自科库301/301自科库 42排1列4层/ [索取号:TP274/C382] 在馆    
3 752356   207523562   自科二线400A/400A自科库 3排3列5层/ [索取号:TP274/C382] 在馆    
河南城建学院图书馆 欢迎您!
大连网信软件有限公司© 版权所有